| Tag |
First Indicator |
Second Indicator |
Subfields |
| LEADER |
00000cam a2200000 4500 |
| 001 |
in00000364521 |
| 005 |
20151011073832.0 |
| 008 |
780217s1891 mau 00011 engm |
| 010 |
|
|
|a 17015103
|
| 035 |
|
|
|a (OCoLC)03647545
|
| 035 |
|
|
|9 ABP4010AM
|
| 040 |
|
|
|a DLC
|c TXA
|d TXA
|d UtOrBLW
|
| 049 |
|
|
|a TXAS
|c 1
|v 1 [1096853]
|v 2 [1096854]
|
| 050 |
0 |
0 |
|a PZ8
|b .A54 1891a
|
| 100 |
1 |
|
|a Andersen, H. C.
|q (Hans Christian),
|d 1805-1875.
|
| 245 |
1 |
0 |
|a Hans Andersen's stories :
|b newly translated.
|
| 264 |
|
1 |
|a Boston :
|b Houghton, Mifflin and Co.,
|c 1891.
|
| 300 |
|
|
|a xii, 205 pages ;
|c 18 cm.
|
| 336 |
|
|
|a text
|b txt
|2 rdacontent
|
| 337 |
|
|
|a unmediated
|b n
|2 rdamedia
|
| 338 |
|
|
|a volume
|b nc
|2 rdacarrier
|
| 490 |
0 |
|
|a Riverside literature series. no.49-50
|
| 500 |
|
|
|a At head of title: Riverside second reader.
|
| 500 |
|
|
|a On cover: In two parts.
|
| 500 |
|
|
|a Preface signed: H. E. S. [i. e. Horace E. Scudder]
|
| 500 |
|
|
|a The Cushing Library/Lit./Children's copy is issued in two volumes.
|
| 700 |
1 |
|
|a Scudder, Horace Elisha,
|d 1838-1902.
|
| 740 |
0 |
|
|a Riverside second reader.
|
| 830 |
|
0 |
|a Riverside literature series ;
|v no.50.
|
| 999 |
|
|
|a MARS
|
| 999 |
f |
f |
|s 31aff934-7dd4-33ce-86db-316b8981b984
|i 5ca5c3f9-e2df-37d6-9375-c509f3ea1b3f
|t 0
|
| 952 |
f |
f |
|p noncirc
|a Texas A&M University
|b College Station
|c Cushing Memorial Library & Archives
|d Cushing: Childrens' Books (Does not check out)
|t 0
|e PZ8 .A54 1891a
|h Library of Congress classification
|i unmediated -- volume
|k pt.2
|m A14800460477
|
| 952 |
f |
f |
|p noncirc
|a Texas A&M University
|b College Station
|c Cushing Memorial Library & Archives
|d Cushing: Childrens' Books (Does not check out)
|t 0
|e PZ8 .A54 1891a
|h Library of Congress classification
|i unmediated -- volume
|k pt.1
|m A14800460469
|
| 998 |
f |
f |
|a PZ8 .A54 1891a
|s pt.1-pt.2
|t 0
|l Cushing: Childrens' Books (Does not check out)
|